Ján Botto: Smrť Jánošikova Dobrého slova sv. 27. Ilustroval K. Ondreička. Strán 46, viaz. 9.- Kčs

Bibliographic Details
Main Author: Marták, Ján, 1903-1982 (Author)
Format: Article
Language:Slovak
Subjects:

MARC

LEADER 00000nab a22000001a 4500
001 vtls009408020
003 SK-MaSNL
005 20260305020857.0
008 081119d1935 xo |r|p|||| |000 b|slo
015 |a SNBRRBVU1918-1938 
015 |a SNBRB1918-1938 
038 |a SNKBUCL 
040 |a SNKBUVU  |b slo  |c SNKBUCL  |e AACR2 
041 0 |a slo 
044 |a xo  |c SK 
080 |a 75.071.1  |2 1997 
080 |a 75.056  |2 1997 
080 |a 821.162.4  |2 1997 
100 1 |a Marták, Ján,  |d 1903-1982  |4 aut  |9 37645 
245 1 0 |a Ján Botto: Smrť Jánošikova  |b Dobrého slova sv. 27. Ilustroval K. Ondreička. Strán 46, viaz. 9.- Kčs  |c [autor] jm. 
500 |a Autor článku dešifrovaný excerptorom 
600 1 7 |a Ondreička, Karol,  |d 1898-1961  |2 snkbucl  |9 101064 
650 0 7 |a ilustrácie  |2 MM  |9 2743 
650 0 7 |a slovenská literatúra  |2 MM  |9 1115 
655 7 |a recenzie  |2 MM  |9 21907 
773 0 |t Pedagogický sborník  |g Roč. 2, č. 2 (1935), s. 70-71 
787 0 8 |i Rec.:  |a Botto, Ján  |t Smrť Jánošíkova  |d Martin : Matica slovenská , 1935 
852 |a SNK  |b KIS3GCP 
910 |a snkrbvumm 
958 |a VY 
999 |c 3282771  |d 3284701